Statistiken für Landformen nach Bild

Klicken Sie hier um das Quiz zu spielen!

Allgemein

  • Dieses Quiz wurde 3.005 mal gespielt
  • Das Durchschnittsergebnis liegt bei 11 aus 15

Antwortstatistiken

Antwort% Korrekt
Vulkan
99%
Wasserfall
99%
Düne
92%
Oase
92%
Canyon
86%
Geysir
82%
Fjord
75%
Halbinsel
74%
Delta
73%
Klippe
71%
Atoll
65%
Kanal
59%
Gletscherspalte
58%
Tafelberg
38%
Isthmus
24%

Verteilung der Resultate

Perzentil nach korrekt beantworteten Fragen

Anzahl Personen mit jedem Resultat

Ihre Resultats-Entwicklung

Sie haben dieses Quiz noch nicht gespielt